| 000 | 00771nam a2200217 i 4500 | ||
|---|---|---|---|
| 001 | 57023 | ||
| 003 | ES-MaACL | ||
| 005 | 20230906163510.0 | ||
| 007 | t| | ||
| 008 | 031014s1969 sp a |||| | spa d | ||
| 100 | 1 |
_aDobzhansky, Theodosius. _944951 |
|
| 245 | 1 | 0 |
_aEvolución humana / _cTheodosius Dobzhansky ; [versión Juan Antonio de Vicente Moreno y Antonio Hernández García ; revisión Faustino Cordón]. |
| 260 |
_a[Esplugues de Llobregat] : _bAriel, _c[1969] |
||
| 300 |
_a396 p. : _bil. ; _c24 cm. |
||
| 650 | 4 |
_aEvolución humana. _912627 |
|
| 650 | 0 | 4 |
_aHombre- _xOrigen. _913452 |
| 700 | 1 |
_aVicente Moreno, Juan Antonio de. _9114367 |
|
| 700 | 1 |
_aHernández García, Antonio. _962940 |
|
| 700 | 1 |
_aCordón, Faustino. _940557 |
|
| 852 |
_aES-MaACL _jC-38076 |
||
| 999 |
_c57023 _d57023 |
||